The little women /

Bibliographic Details
Main Author: Weber, Katharine, 1955-
Format: Book
Language:English
Published: New York : Farrar, Straus, and Giroux, 2003.
Edition:1st ed.
Subjects:

MARC

Tag First Indicator Second Indicator Subfields
LEADER 00000pam a2200000 a 4500
001 in00001780607
005 20151025103125.0
008 030211s2003 nyu 000 1 eng
010 |a  2003044062 
020 |a 0374189595 (hc : alk. paper) 
035 |a (OCoLC)ocm51728793 
040 |a DLC  |c DLC  |d YDX  |d TXA  |d UtOrBLW 
043 |a n-us-ct 
049 |a TXAM 
050 0 0 |a PS3573.E2194  |b L58 2003 
082 0 0 |a 813/.54  |2 21 
100 1 |a Weber, Katharine,  |d 1955- 
245 1 4 |a The little women /  |c Katharine Weber. 
250 |a 1st ed. 
264 1 |a New York :  |b Farrar, Straus, and Giroux,  |c 2003. 
300 |a 240 pages ;  |c 22 cm. 
336 |a text  |b txt  |2 rdacontent 
337 |a unmediated  |b n  |2 rdamedia 
338 |a volume  |b nc  |2 rdacarrier 
650 0 |a Autobiographical fiction  |x Authorship  |v Fiction. 
650 0 |a Women college students  |v Fiction. 
650 0 |a Parent and child  |v Fiction. 
650 0 |a Teenage girls  |v Fiction. 
650 0 |a Adultery  |v Fiction. 
650 0 |a Sisters  |v Fiction. 
651 0 |a New Haven (Conn.)  |v Fiction. 
655 7 |a Domestic fiction.  |2 lcgft 
655 7 |a Bildungsromans.  |2 gsafd 
994 |a E0  |b TXA 
948 |a cataloged  |b h  |c 2003/10/1  |d c  |e jlanham  |f 11:26:51 am 
999 |a MARS 
999 f f |s 463c75c1-b7de-3ab5-b192-41f847563753  |i 66366e01-089b-3874-bc3c-586843370572  |t 0 
952 f f |p normal  |a Texas A&M University  |b College Station  |c Sterling C. Evans Library  |d Evans: Library Stacks  |t 0  |e PS3573.E2194 L58 2003  |h Library of Congress classification  |i unmediated -- volume  |m A14830532783 
998 f f |a PS3573.E2194 L58 2003  |t 0  |l Evans: Library Stacks